Career development : Strategies and technologies for career and life balance
| Main Author: | |
|---|---|
| Format: | Book |
| Published: |
New Jersey :
Prentice Hall ,
2001
|
| Edition: | 4th ed. |
| Subjects: |
MARC
| LEADER | 00000cam a2200000 7i4500 | ||
|---|---|---|---|
| 001 | 0000013424 | ||
| 005 | 20050420.0 | ||
| 020 | |a 0130857594 | ||
| 040 | |a INS | ||
| 090 | 0 | 0 | |a HF5549.5 |b C35 B74 2000 |
| 100 | 1 | |a Breidenbach, Monica E | |
| 245 | 1 | 0 | |a Career development : |b Strategies and technologies for career and life balance |c Monica E. Breidenbach |
| 250 | |a 4th ed. | ||
| 260 | |a New Jersey : |b Prentice Hall , |c 2001 | ||
| 300 | |a iii : |b 194p ; |c 28cm. | ||
| 650 | 0 | 0 | |a career Development |
| 999 | |a 0000013455 |b BOOK |c Open Shelf |e Default branch | ||